00930 2200313 4500001002100000005001500021035002500036007000300061008004100064020002200105040001200127041001300139082001500152084001700167090002100184090002100205100001400226245008200240250001800322260003000340300004800370504003300418650004300451700001000494850001200504999002100516546005800537990002100595INLIS00000000002894220190823123831 a0010-071700000000112ta170705t2017 yoia g ind d a978-979-29-6026-6 aYOPDYOG0 aindheng04223a420.76 a420.76 PAR s aDEP 420.76 PAR s aCB-D.11 2017-4650 aPardiyono10aSure you can! How to run the class in English /cPardiyono; penyunting, Ignas aEdisi pertama 1aYogyakarta :bAndi,c2017 ax, 126 halaman :bilustrasi, tabel ;c23 cm aBibliografi: halaman 121-123 4aBahasa Inggris--xStudi dan pengajaran0 aIgnas aYOPDYOG aCB-D.11/2017-465 aTeks terdidi dari bahasa Indonesia dan bahasa Inggris aCB-D.11/2017-465